000 01084nam a2200337 i 4500
001 C2-0139209
003 PPAK
005 20231221112749.0
008 971223s1994 my o|||g ||||| | 0 may d
020 _a9839041134
_qpaperback
040 _aPPAK
_beng
_cPPAK
_erda
082 0 4 _a959.511208
_223
090 0 0 _a959.511208
_bWAH
_dKK
090 2 0 _a959.511208
_bWAH
_dR
100 0 _aWahba,
_eauthor.
_q(Wan Hamzah Awang)
_d1948-
245 1 0 _aBALING MEMBUKA JALAN DAMAI /
_cWAHBA
250 _aEdisi Baru
264 1 _aKajang, Selangor :
_bMASA ENTERPRISE,
_c1994
300 _a224 pages :
_bphotographs ;
_c22 cm
336 _atext
_2rdacontent
336 _astill image
_2rdacontent
337 _aunmediated
_2rdamedia
338 _avolume
_2rdacarrier
500 _aIncludes index.
504 _aBibliography : pages 219-221.
600 0 0 _aTunku Abdul Rahman Putra,
_cal-Haj,
_d1903-1990
_xQuotations
600 0 4 _aChing Peng
_xQuotations
651 0 _aKedah (Baling)
_xHistory
651 0 _aMalaysia
_xPolitics and government
942 _cB
_2ddc
999 _c43461
_d43461